000
00322 a2200157 4500
001
192368
020
_a
978-85-326-5165-5
040
_c
Magnum
100
_a
Azevedo, Aluísio de
240
1
0
_a
O Cortiço
_l
por
245
1
0
_a
O Cortiço
300
_a
346
362
0
_a
2016
697
_a
LITERATURA GERAL
942
_c
BK
999
_c
192368
_d
192368